NFL Team Most Receiving Yards in the Superbowl - Statistics

General Stats
  • This quiz has been taken 19 times
  • The average score is 8 of 28
Answer Stats
Team Yards Player % Correct
SFF 512 Jerry Rice
93%
KAN 389 Travis Kelce
87%
NEP 337 Julian Edelman
67%
DAL 256 Michael Irvin
60%
ARI 127 Larry Fitzgerald
53%
TEN 64 Jackie Harris
47%
PHI 169 Devonta Smith
40%
ATL 87 Julio Jones
40%
DEN 152 Rod Smith
40%
LAR 218 Isaac Bruce
33%
PIT 364 Lynn Swann
33%
BUF 323 Andre Reed
27%
NOS 83 Marques Colston
27%
BAL 104 Anquan Boldin
20%
CHI 129 Willie Gault
20%
GBP 231 Antonio Freeman
13%
LVR 181 Cliff Branch
13%
CIN 147 Cris Collinsworth
13%
CAR 140 Muhsin Muhammad
13%
MIA 108 Paul Warfield
13%
NYG 109 Hakeem Nicks
7%
SEA 110 Jermaine Kearse
7%
IND 124 Joseph Addai
7%
WAS 234 Ricky Sanders
7%
MIN 130 Chuck Foreman
0%
NYJ 133 George Sauer
0%
TBB 78 Joe Jurevicius
0%
LAC 75 Mark Seay
0%
No matching quizzes found
Score Distribution
Percent of People with Each Score
Percentile by Number Answered
Your Score History
You have not taken this quiz